Ciudad más poblada de cada país - Estadísticas

Estadísticas generales
  • Esta prueba ha sido intentada 191 veces
  • La puntuación promedio es 16 de 21
Estadísticas de respuestas
País Ciudad % Correcto
España Madrid
100%
Francia París
100%
Alemania Berlín
99%
Reino Unido Londres
99%
Italia Milan
92%
Estados Unidos Nueva York
89%
Austria Viena
88%
Canada Toronto
86%
Suiza Zurich
84%
Marruecos Casablanca
82%
Brasil Sao Paulo
82%
Australia Sidney
79%
Honduras Tegucigalpa
72%
Eslovaquia Bratislava
67%
China Shanghai
67%
Nueva Zelanda Auckland
58%
India Bombay
58%
Ecuador Guayaquil
58%
Sudáfrica Johannesburgo
56%
Bolivia Santa Cruz de la Sierra
29%
Myanmar Rangún
27%
No se encontraron pruebas coincidentes
Distribución de puntuación
Porcentaje de gente con cada puntuación
Porcentaje por número respondido
Historial de tus puntuaciones
No has intentado esta prueba.